{"text_format":"3","workbook":"xlsx","n_sheets":4,"sheets":["Budget","Budget (2)","Feuil2","Feuil3"],"not_rendered":{"images":1,"defined_names":5},"read":"whole","date_system":"1900"}

{"sheet":"Budget","index":0,"n_rows":47,"n_cols":11,"rows_kept":47,"merged":[[1,1,1,3],[1,6,1,8],[2,1,2,3],[2,6,2,8],[5,1,5,8],[7,1,8,1],[7,2,8,2],[7,3,8,3],[7,4,8,4],[7,5,7,6],[7,7,7,8],[36,1,36,4],[37,1,37,2],[37,6,37,8],[42,1,42,2],[42,6,42,8],[46,2,46,8]]}
[]
[null,"CENTRE  AFRICAIN  POUR LES  APPLICATIONS ",{"$nulls":4},"AFRICAN   CENTRE   OF   METEOROLOGICAL"]
[null,"DE  LA METEOROLOGIE AU  DEVELOPPEMENT",{"$nulls":4}," APPLICATIONS   FOR DEVELOPMENT "]
[null," "]
[null,"PROVISIONAL BUDGET"]
[null,"Date of preparation : June 07, 2019"]
[]
[null,"No. ","Description","Unit","# of Unit","Amount CFA",null,"Amount €"]
[{"$nulls":5}," Unit. cost ","Total Amount"," Unit. cost   ","Total Amount   "]
[null,"I","Human Ressources",{"$nulls":3},{"$f":"SUM(G11:G13)","v":{"v":17317266.299999997,"d":"17,317,266"}},null,{"$f":"SUM(I11:I13)","v":{"v":26400.00228673526,"d":"26,400.00"}}]
[null,1,"Staff Cost in STE (2 Trainers Costs and 1 Finance Officer Cost)","Lump sum",3,{"v":1639893,"d":"1,639,893"},{"$f":"E11*F11","v":{"v":4919679,"d":"4,919,679"}},{"$f":"F11/655.957","v":{"v":2500.000762245086,"d":"2,500.00"}},{"$f":"H11*E11","v":{"v":7500.002286735258,"d":"7,500.00"}}]
[null,"2*"," DSA for 15  participants for 7 nights (5 days for workshop)","per diem",{"$f":"15*7","v":105},{"$f":"H12*655.957","v":{"v":118072.26,"d":"118,072"}},{"$f":"E12*F12","v":{"v":12397587.299999999,"d":"12,397,587"}},{"v":180,"d":"180.00"},{"$f":"E12*H12","v":{"v":18900,"d":"18,900.00"}}]
[]
[null,"II","Travel",{"$nulls":3},{"$f":"G15+G16+G17","v":{"v":12300000,"d":"12,300,000"}},null,{"$f":"I15+I16+I17","v":{"v":18751.229120201475,"d":"18,751.23"}}]
[null,1,"Ticket payment for 15 participants ","Per Flight",15,{"v":800000,"d":"800,000"},{"$f":"E15*F15","v":{"v":12000000,"d":"12,000,000"}},{"$f":"F15/655.957","v":{"v":1219.592137899283,"d":"1,219.59"}},{"$f":"E15*H15","v":{"v":18293.882068489245,"d":"18,293.88"}}]
[null,2,"Local transport for the Participants","Lump sum",1,{"v":300000,"d":"300,000"},{"$f":"E16*F16","v":{"v":300000,"d":"300,000"}},{"$f":"F16/655.957","v":{"v":457.3470517122311,"d":"457.35"}},{"$f":"E16*H16","v":{"v":457.3470517122311,"d":"457.35"}}]
[]
[null,"III","Overhead costs ",{"$nulls":3},{"$f":"SUM(G19:G20)","v":{"v":800000,"d":"800,000"}},null,{"$f":"SUM(I19:I20)","v":{"v":1219.592137899283,"d":"1,219.59"}}]
[null,1,"Photocopies and office supplies, Training materials (Stationary)","Lump sum",1,{"v":800000,"d":"800,000"},{"$f":"E19*F19","v":{"v":800000,"d":"800,000"}},{"$f":"F19/655.957","v":{"v":1219.592137899283,"d":"1,219.59"}},{"v":1219.592137899283,"d":"1,219.59"}]
[]
[null,"IV","VISIBILITY",{"$nulls":3},{"$f":"G22","v":{"v":625000,"d":"625,000"}},null,{"$f":"I22","v":{"v":952.8063577338149,"d":"952.81"}}]
[null,1,"Banners, vidéo and photocoverage, audiovisual coverage printing fastsheets, roll up banners","Lump sum",5,{"v":125000,"d":"125,000"},{"$f":"E22*F22","v":{"v":625000,"d":"625,000"}},{"$f":"F22/655.957","v":{"v":190.56127154676298,"d":"190.56"}},{"$f":"E22*H22","v":{"v":952.8063577338149,"d":"952.81"}}]
[{"$nulls":5},0]
[null,"V","INTERPRETATION",{"$nulls":3},{"$f":"G25","v":{"v":3000000,"d":"3,000,000"}},null,{"$f":"I25","v":{"v":4573.470517122311,"d":"4,573.47"}}]
[null,null,"Interpertation equipment rent and honorary for 2 Persons for 5 days","Lump sum",{"$f":"2*5","v":10},{"v":300000,"d":"300,000"},{"$f":"E25*F25","v":{"v":3000000,"d":"3,000,000"}},{"$f":"F25/655.957","v":{"v":457.3470517122311,"d":"457.35"}},{"$f":"G25/655.957","v":{"v":4573.470517122311,"d":"4,573.47"}}]
[]
[null,"VI","COSTS OF CONFERENCE",{"$nulls":3},{"$f":"SUM(G28:G30)","v":{"v":3050000,"d":"3,050,000"}},null,{"$f":"SUM(I28:I30)","v":{"v":4649.695025741016,"d":"4,649.70"}}]
[null,1,"Conference  room for 5 days and consommables ","Lump Sum",5,{"v":400000,"d":"400,000"},{"$f":"E28*F28","v":{"v":2000000,"d":"2,000,000"}},{"$f":"F28/655.957","v":{"v":609.7960689496415,"d":"609.80"}},{"$f":"E28*H28","v":{"v":3048.9803447482072,"d":"3,048.98"}}]
[null,2,"Coffee break and Water 2 per days for 5 day for 15 Participants","Lump Sum",{"$f":"2*5*15","v":150},{"v":3000,"d":"3,000"},{"$f":"E29*F29","v":{"v":450000,"d":"450,000"}},{"$f":"F29/655.957","v":{"v":4.573470517122312,"d":"4.57"}},{"$f":"E29*H29","v":{"v":686.0205775683468,"d":"686.02"}}]
[null,4,"Visa ","Per Person",12,{"v":50000,"d":"50,000"},{"$f":"E30*F30","v":{"v":600000,"d":"600,000"}},{"$f":"F30/655.957","v":{"v":76.22450861870519,"d":"76.22"}},{"$f":"E30*H30","v":{"v":914.6941034244622,"d":"914.69"}}]
[]
[null,null,"SUB TOTAL",{"$nulls":3},{"$f":"G10+G14+G18+G21+G24+G27","v":{"v":37092266.3,"d":"37,092,266"}},null,{"$f":"I10+I14+I18+I21+I24+I27","v":{"v":56546.79544543316,"d":"56,546.80"}},"Prévu",{"v":45000,"d":"45,000.00"}]
[{"$nulls":9},"Ecart",{"$f":"I32-K32","v":{"v":11546.795445433163,"d":"11,546.80"}}]
[null,"V","Extras (5%)",{"$nulls":3},{"$f":"G32*5%","v":{"v":1854613.315,"d":"1,854,613"}},null,{"$f":"G34/655.957","v":{"v":2827.339772271658,"d":"2,827.34"}}]
[]
[null,null,"TOTAL",{"$nulls":3},{"$f":"G32+G34","v":{"v":38946879.614999995,"d":"38,946,880"}},null,{"$f":"I32+I34","v":{"v":59374.135217704825,"d":"59,374.14"}}]
[]
[null,"Le Contrôleur du SAF",{"$nulls":4},"Le Directeur Général"]
[]
[]
[]
[]
[null,"Lambert Dénagnon TOSSA",{"$nulls":4},"Dr André KAMGA FOAMOUHOUE"]
[]
[]
[]
[null,"2*","15 Participants: 1 Participant per Country for 10 Country, 2 Trainers, 1 Finance Officer, DG for ADMAC and 1 A Representative of the Lessor"]

{"sheet":"Budget (2)","index":1,"n_rows":71,"n_cols":11,"rows_kept":71,"merged":[[1,1,1,3],[1,6,1,8],[2,1,2,3],[2,6,2,8],[5,1,5,8],[7,1,8,1],[7,2,8,2],[7,3,8,3],[7,4,8,4],[7,5,7,6],[7,7,7,8],[36,1,36,4],[37,1,37,2],[37,6,37,8],[42,1,42,2],[42,6,42,8],[46,2,46,8],[48,0,48,3]]}
[]
[null,"CENTRE  AFRICAIN  POUR LES  APPLICATIONS ",{"$nulls":4},"AFRICAN   CENTRE   OF   METEOROLOGICAL"]
[null,"DE  LA METEOROLOGIE AU  DEVELOPPEMENT",{"$nulls":4}," APPLICATIONS   FOR DEVELOPMENT "]
[null," "]
[null,"PROVISIONAL BUDGET"]
[null,"Date of preparation : June 13, 2019"]
[]
[null,"No. ","Description","Unit","# of Unit","Amount CFA",null,"Amount $",null,null,{"$f":"575","v":{"v":575,"d":"575.00"}}]
[{"$nulls":5}," Unit. cost ","Total Amount"," Unit. cost   ","Total Amount   "]
[null,"I","Human Ressources",{"$nulls":3},{"$f":"SUM(G11:G12)","v":{"v":11250000,"d":"11,250,000"}},null,{"$f":"SUM(I11:I12)","v":{"v":19565.217391304348,"d":"19,565.22"}}]
[null,1,"Staff Cost in STE (3 Trainers Costs -  provide lectures and hands on training during 5 days))","days",{"$f":"3*5","v":15},{"$f":"120000","v":{"v":120000,"d":"120,000"}},{"$f":"E11*F11","v":{"v":1800000,"d":"1,800,000"}},{"$f":"F11/K8","v":{"v":208.69565217391303,"d":"208.70"}},{"$f":"H11*E11","v":{"v":3130.4347826086955,"d":"3,130.43"}}]
[null,2," DSA for 15  participants for 7 nights (5 days for workshop)","days",{"$f":"15*7","v":105},{"$f":"90000","v":{"v":90000,"d":"90,000"}},{"$f":"E12*F12","v":{"v":9450000,"d":"9,450,000"}},{"$f":"F12/K8","v":{"v":156.52173913043478,"d":"156.52"}},{"$f":"E12*H12","v":{"v":16434.782608695652,"d":"16,434.78"}}]
[]
[null,"II","Travel",{"$nulls":3},{"$f":"G15+G16+G17","v":{"v":10350000,"d":"10,350,000"}},null,{"$f":"I15+I16+I17","v":{"v":18000,"d":"18,000.00"}}]
[null,1,"Ticket payment for 15 participants ","Per Flight",15,{"v":650000,"d":"650,000"},{"$f":"E15*F15","v":{"v":9750000,"d":"9,750,000"}},{"$f":"F15/K8","v":{"v":1130.4347826086957,"d":"1,130.43"}},{"$f":"E15*H15","v":{"v":16956.521739130436,"d":"16,956.52"}}]
[null,2,"Local transport for the Participants","Lump sum",1,{"$f":"6*100000","v":{"v":600000,"d":"600,000"}},{"$f":"E16*F16","v":{"v":600000,"d":"600,000"}},{"$f":"F16/K8","v":{"v":1043.4782608695652,"d":"1,043.48"}},{"$f":"E16*H16","v":{"v":1043.4782608695652,"d":"1,043.48"}}]
[]
[null,"III","Other costs ",{"$nulls":3},{"$f":"SUM(G19:G20)","v":{"v":500000,"d":"500,000"}},null,{"$f":"SUM(I19:I20)","v":{"v":869.5652173913044,"d":"869.57"}}]
[null,1,"Photocopies of training materials, consumables and office supplies,  ","Lump sum",1,{"v":500000,"d":"500,000"},{"$f":"E19*F19","v":{"v":500000,"d":"500,000"}},{"$f":"F19/K8","v":{"v":869.5652173913044,"d":"869.57"}},{"v":869.5652173913044,"d":"869.57"}]
[]
[null,"IV","VISIBILITY",{"$nulls":3},{"$f":"G22","v":{"v":600000,"d":"600,000"}},null,{"$f":"I22","v":{"v":1043.4782608695652,"d":"1,043.48"}}]
[null,1,"Banners, vidéo and photocoverage, media coverage printing fastsheets, roll up banners","Lump sum",1,{"v":600000,"d":"600,000"},{"$f":"E22*F22","v":{"v":600000,"d":"600,000"}},{"$f":"F22/K8","v":{"v":1043.4782608695652,"d":"1,043.48"}},{"$f":"E22*H22","v":{"v":1043.4782608695652,"d":"1,043.48"}}]
[{"$nulls":5},0]
[null,"V","INTERPRETATION",{"$nulls":3},{"$f":"G25","v":{"v":1500000,"d":"1,500,000"}},null,{"$f":"I25","v":{"v":2608.695652173913,"d":"2,608.70"}}]
[null,null,"Interpertation equipment rent and honoraria for 2 interpreters for 5 days","days",{"$f":"2*5","v":10},{"$f":"150000","v":{"v":150000,"d":"150,000"}},{"$f":"E25*F25","v":{"v":1500000,"d":"1,500,000"}},{"$f":"F25/K8","v":{"v":260.8695652173913,"d":"260.87"}},{"$f":"G25/K8","v":{"v":2608.695652173913,"d":"2,608.70"}}]
[]
[null,"VI","COSTS OF CONFERENCE",{"$nulls":3},{"$f":"SUM(G28:G30)","v":{"v":2080000,"d":"2,080,000"}},null,{"$f":"SUM(I28:I30)","v":{"v":3617.391304347826,"d":"3,617.39"}}]
[null,1,"Conference  room for 5 days ","days",5,{"v":200000,"d":"200,000"},{"$f":"E28*F28","v":{"v":1000000,"d":"1,000,000"}},{"$f":"F28/K8","v":{"v":347.82608695652175,"d":"347.83"}},{"$f":"E28*H28","v":{"v":1739.1304347826087,"d":"1,739.13"}}]
[null,2,"Coffee break and Water 2 per days for 5 day for 15 Participants","per break",{"$f":"2*15*5","v":150},{"$f":"4000","v":{"v":4000,"d":"4,000"}},{"$f":"E29*F29","v":{"v":600000,"d":"600,000"}},{"$f":"F29/K8","v":{"v":6.956521739130435,"d":"6.96"}},{"$f":"E29*H29","v":{"v":1043.4782608695652,"d":"1,043.48"}}]
[null,4,"Visa ","Per Person",12,{"v":40000,"d":"40,000"},{"$f":"E30*F30","v":{"v":480000,"d":"480,000"}},{"$f":"F30/K8","v":{"v":69.56521739130434,"d":"69.57"}},{"$f":"E30*H30","v":{"v":834.7826086956521,"d":"834.78"}}]
[]
[null,null,"SUB TOTAL",{"$nulls":3},{"$f":"G10+G14+G18+G21+G24+G27","v":{"v":26280000,"d":"26,280,000"}},null,{"$f":"I10+I14+I18+I21+I24+I27","v":{"v":45704.34782608696,"d":"45,704.35"}}]
[]
[null,"V","Indirect cost (10%)",{"$nulls":3},{"$f":"G32/10","v":{"v":2628000,"d":"2,628,000"}},null,{"$f":"I32/10","v":{"v":4570.434782608696,"d":"4,570.43"}}]
[]
[null,null,"TOTAL",{"$nulls":3},{"$f":"G32+G34","v":{"v":28908000,"d":"28,908,000"}},null,{"$f":"I32+I34","v":{"v":50274.782608695656,"d":"50,274.78"}}]
{"$rows_empty":13}
[" -support pilot demonstration  through one  training event"]
["-upscale best practices "]
["- Design and develop FAO compliant climate services for 6 months"]
["Market trial,  refinement and up scaling ( through local training for NMHSs of LDCs)  to more countries  for 12 months"]
[]
["Activities",null,"unit ","number of units","Uniit cost ","Total "]
["1 Training for one week"]
["1.1 prepare concept ",null,"days",3,{"$f":"80000/(5*4*12)","v":333.3333333333333},{"$f":"E57*D57","v":1000}]
["1.2 prepare  announcement  and call for participation",null,"days",1,{"$f":"E57","v":333.3333333333333},{"$f":"E58*D58","v":333.3333333333333}]
["1.3 invitations, visas other logstics",null,"days",7,{"$f":"14000/(5*4*12)","v":58.333333333333336},{"$f":"E59*D59","v":408.33333333333337}]
["2 Design and develop Services"]
["2.1 define and specify the services",null,"days",14,{"$f":"40000/(5*4*12)","v":166.66666666666666},{"$f":"E61*D61","v":2333.333333333333}]
["2.2 develop and validate the service",null,"months",3,{"$f":"E61*5*4","v":3333.333333333333},{"$f":"E62*D62","v":10000}]
["2.3 integrate and pilot demonstration",null,"months",3,{"$f":"E62","v":3333.333333333333},{"$f":"E63*D63","v":10000}]
["2.4 operate the service and collect feedback, upscale",null,"months",12,{"$f":"36000/(12)","v":3000},{"$f":"E64*D64","v":36000}]
["3   Project Management"]
["3.1 administration and finance ( 20% time)",null,"months",{"$f":"(20/100)*18","v":3.6},{"$f":"E64","v":3000},{"$f":"E66*D66","v":10800}]
["3.2 Team Learder ( 30% time)",null,"months ",{"$f":"(30/100)*18","v":5.3999999999999995},{"$f":"120000/12","v":10000},{"$f":"E67*D67","v":53999.99999999999}]
["Subtotal ",{"$nulls":4},{"$f":"SUM(F57:F67)","v":124875}]
["4 Indirect cost(10%)",{"$nulls":4},{"$f":"F68/10","v":12487.5}]
["Total",{"$nulls":4},{"$f":"F69+F68","v":137362.5}]
["Grand total with activities including training workshop",{"$nulls":4},{"$f":"F70+I36","v":{"v":187637.28260869565,"d":"187,637.28"}}]

{"sheet":"Feuil2","index":2,"n_rows":0,"n_cols":0,"rows_kept":0}

{"sheet":"Feuil3","index":3,"n_rows":0,"n_cols":0,"rows_kept":0}